Zvládnutie globálnych prúdov utečencov - mandátna úloha aj pre Slovensko
Úlohy medzinárodnej organizácie OSN pre ochranu utečencov. Žiadatelia o azyl a utečenci na Slovensku. Žiadosti o azyl v krajinách EFTA (Fínsko, Švédsko, Rakúsko a Švajčiarsko). Ženevská konvencia o utečencoch. Prijímanie utečencov v európskych krajinách. Podporovanie a presadzovanie ľudských práv. R...
Salvato in:
| Autore principale: | |
|---|---|
| Natura: | Capitolo di libro |
| Lingua: | slovacco |
| Soggetti: | |
| Tags: |
Nessun Tag, puoi essere il primo ad aggiungerne!!
|
MARC
| LEADER | 00000naa a2200000 4500 | ||
|---|---|---|---|
| 001 | r014539 | ||
| 005 | 20221213123205.2 | ||
| 041 | 0 | |a slo | |
| 044 | |a SK | ||
| 245 | 1 | 0 | |a Zvládnutie globálnych prúdov utečencov - mandátna úloha aj pre Slovensko |c W. Hoffmann |
| 520 | |a Úlohy medzinárodnej organizácie OSN pre ochranu utečencov. Žiadatelia o azyl a utečenci na Slovensku. Žiadosti o azyl v krajinách EFTA (Fínsko, Švédsko, Rakúsko a Švajčiarsko). Ženevská konvencia o utečencoch. Prijímanie utečencov v európskych krajinách. Podporovanie a presadzovanie ľudských práv. Repatriačné programy pre utečencov pod záštitou OSN. | ||
| 610 | 2 | 0 | |a migrácia |
| 610 | 2 | 0 | |a obyvateľstvo |
| 610 | 2 | 0 | |a politika azylová |
| 610 | 2 | 0 | |a svet |
| 610 | 2 | 0 | |a práva ľudské |
| 610 | 2 | 0 | |a konvencie |
| 610 | 2 | 0 | |a OSN |
| 610 | 2 | 0 | |a Slovensko |
| 610 | 2 | 0 | |a Európa |
| 610 | 2 | 0 | |a imigrácia |
| 100 | 1 | |a Hoffmann, W. | |